| 000 | 00879cam a2200277 a 4500 | ||
|---|---|---|---|
| 999 |
_c697 _d697 |
||
| 001 | 00576773 | ||
| 003 | OSt | ||
| 005 | 20191204163158.0 | ||
| 008 | 120829s2011 nyua 000 0 eng | ||
| 020 | _a9781591844181 (pbk.) : | ||
| 035 | _afgu20120613lai028 | ||
| 040 |
_aFGUL _cFGUL _dFGUL |
||
| 042 | _anbic | ||
| 082 | 0 | 0 | _a333 COR |
| 100 | 1 |
_aCorcoran, Barbara. _eauthor |
|
| 245 | 1 | 0 |
_aShark tales : _bhow I turned _cBarbara Corcoran with Bruce Littlefield. |
| 250 | _aRev. ed. | ||
| 260 |
_aNew York : _bPortfolio/Penguin, _c2011. |
||
| 300 |
_axi, 308 p. : _bill. ; _c21 cm. |
||
| 650 | 0 |
_aWomen real estate agents _zUnited States _xBiography. |
|
| 650 | 0 |
_aReal estate business _zUnited States. |
|
| 650 | 0 |
_aWomen real estate agents _zUnited States _xBiography. |
|
| 650 | 0 |
_aReal estate business _zUnited States. |
|
| 700 | 1 | _aLittlefield, Bruce. | |
| 942 |
_2ddc _cNFIC |
||